| 000 | 00883nam a2200241 i 4500 | ||
|---|---|---|---|
| 001 | 132485 | ||
| 003 | ES-MaACL | ||
| 005 | 20250911063552.0 | ||
| 007 | t| | ||
| 008 | 070214s1977 sp r ||||1| spa d | ||
| 100 | 1 |
_aRomero Murube, Joaquín, _d1904-1969 _999419 |
|
| 245 | 1 | 3 |
_aEl Alcázar de Sevilla _b: guía turística / _ccomentarios y notas de Joaquín Romero y Murube. |
| 250 | _a6ª ed. | ||
| 260 |
_aMadrid : _bPatrimonio Nacional, _c1977. |
||
| 300 |
_a131 p., 31 lám. : _bil. = retr. aut. ; _c17 cm. |
||
| 490 | 1 | _aGuías turísticas Patrimonio Nacional | |
| 610 | 2 | 4 |
_aAlcázar de Sevilla. _91324 |
| 651 | 4 |
_aSevilla- _xEdificios, estructuras, etc.- _vHistoria. _9154197 |
|
| 710 | 2 |
_aPatrimonio Nacional (España) _96165 |
|
| 830 | 0 |
_aGuías turísticas Patrimonio Nacional _9184323 |
|
| 852 |
_aES-MaACL _jL-5540 _bR.106007 |
||
| 999 |
_c132485 _d132485 |
||